00707nam a2200217Ia 4500003000400000005001700004008004100021020002900062040001700091082002000108100002200128245009300150260002400243300001700267500001900284650002400303700002000327942000900347952011800356999001500474IIN20250430132335.0250430s2022 xx ad 001 0 eng d cRs.455.00a9781543345674 aIINbEnglish a610.73 bKAU1 aKaur, Lakhwinder  2aA Textbook of Nursing Foundation - Ibfor BSc. Nursing/cLakhwinder Kaur & Maninder Kaur aJalandharbPVc2022 a365 p.bill. aIncludes Index1 aFoundationvNursing1 aKaur, Maninder  cBOOK 00102ddc40708PURCHaIINbIINcGENd2025-03-11l0o610.73 KAUp1962r2025-04-30 13:23:56w2025-04-30yBOOK c1786d1786